111 poemas para crianças (Record no. 194651)

MARC details
000 -LÍDER
campo de controle de tamanho fixo 00361 a2200157 4500
001 - NÚMERO DE CONTROLE
campo de controle 194651
020 ## - ISBN - INTERNATIONAL STANDARD BOOK NUMBER
ISBN - International Standard Book Number 978-85-245-1289-8
040 ## - FONTE DA CATALOGAÇÃO
Instituição que transcreveu o registro Magnum
100 ## - ENTRADA PRINCIPAL--NOME PESSOAL
Nome pessoal Capparelli, Sérgio
240 10 - TÍTULO UNIFORME
Título uniforme 111 poemas para crianças
Idioma da obra por
245 10 - TÍTULO
Título 111 poemas para crianças
300 ## - DESCRIÇÃO FÍSICA
Extensão 136
362 0# - DATAS DE PUBLICAÇÃO E/OU DESIGNAÇÃO SEQUENCIAL
Datas de publicação e/ou designação sequencial 2018
697 ## - ENTRADA DE ASSUNTO LOCAL--ENTIDADE COLETIVA (RLIN)
Nome corporativo ou nome da jurisdição LITERATURA INFANTO-JUVENIL
942 ## - ELEMENTOS DE ENTRADA ADICIONADOS (KOHA)
Tipo de material Koha Livros
Holdings
Situação do descarte Situação das perdas Situação física Não pode ser emprestado Biblioteca de origem Biblioteca atual Data de aquisição Total de empréstimos Número de chamada completo Código de barras Data de último acesso Data do preço efetivo Tipo de material Koha
        Magnum Magnum 08/06/2024   869.2.1761 MAG00074330 08/06/2024 08/06/2024 Livros
        Magnum Magnum 08/06/2024   869.2.1761 MAG00074331 08/06/2024 08/06/2024 Livros
        Magnum Magnum 08/06/2024   869.2.1761 MAG00074332 08/06/2024 08/06/2024 Livros
        Magnum Magnum 08/06/2024   869.2.1761 MAG00074333 08/06/2024 08/06/2024 Livros
        Magnum Magnum 08/06/2024   869.2.1761 MAG00074334 08/06/2024 08/06/2024 Livros